Statistiken für Schweizer Kantone nach BIP pro Kopf

Klicken Sie hier um das Quiz zu spielen!

Allgemein

  • Dieses Quiz wurde 26 mal gespielt
  • Das Durchschnittsergebnis liegt bei 8 aus 26

Antwortstatistiken

CHFKanton% Korrekt
189'354Basel-Stadt
100%
156'210Zug
68%
96'359Zürich
64%
102'876Genf
59%
87'569Schaffhausen
41%
77'027Bern
32%
54'006Uri
32%
87'080Neuenburg
27%
83'450Tessin
27%
63'177Aargau
23%
57'601Appenzell Ausserrhoden
23%
64'358Appenzell Innerrhoden
23%
72'754Graubünden
23%
63'643Jura
23%
74'210St. Gallen
23%
55'313Wallis
23%
59'263Freiburg
18%
67'849Glarus
18%
67'936Luzern
18%
66'209Nidwalden
18%
67'453Obwalden
18%
61'223Schwyz
18%
65'237Solothurn
18%
61'190Thurgau
18%
70'250Waadt
18%
70'866Basel-Landschaft
14%

Verteilung der Resultate

Perzentil nach korrekt beantworteten Fragen

Anzahl Personen mit jedem Resultat

Ihre Resultats-Entwicklung

Sie haben dieses Quiz noch nicht gespielt